Tafheem-ul-Quran (Vol V) (Record no. 7325)

000 -LEADER
fixed length control field 00434 a2200145 4500
040 ## - CATALOGING SOURCE
Original cataloging agency DLC
Language of cataloging DLC
082 ## - DEWEY DECIMAL CLASSIFICATION NUMBER
Classification number 297.122521
100 ## - MAIN ENTRY--PERSONAL NAME
Personal name Moududi, S. Abul-ul-Allah
9 (RLIN) 91533
245 ## - TITLE STATEMENT
Title Tafheem-ul-Quran (Vol V)
Statement of responsibility, etc. S. Abul-ul-Aalah Moududi
Medium [Urdu]
260 ## - PUBLICATION, DISTRIBUTION, ETC.
Place of publication, distribution, etc. Lahore:
Name of publisher, distributor, etc. Idara Tarjaman-ul-Quran,
Date of publication, distribution, etc. 2004.
300 ## - PHYSICAL DESCRIPTION
Extent 675 p. ;
Dimensions 26 cm.
563 ## - BINDING INFORMATION
Binding note HB
650 ## - SUBJECT ADDED ENTRY--TOPICAL TERM
Topical term or geographic name entry element Quran (Surahs) -- Commentaries
9 (RLIN) 91534
942 ## - ADDED ENTRY ELEMENTS (KOHA)
Koha item type Book
Call number prefix 297.122521 MOD
Source of classification or shelving scheme
Holdings
Withdrawn status Lost status Damaged status Not for loan Collection code Permanent Location Current Location Shelving location Date acquired Source of acquisition Cost, normal purchase price Total Checkouts Total Renewals Full call number Barcode Date last seen Date last checked out Price effective from Koha item type Source of classification or shelving scheme Materials specified (bound volume or other part)
          NUST Law School (NLS) NUST Law School (NLS) General Stacks 08/20/2005 Academic Book company 1190.00 2 2 297.122521 MOD SEECS006321 11/15/2021 03/25/2021 01/05/2017 Book    
          NUST Law School (NLS) NUST Law School (NLS) Reference 10/25/2022 Donation       297.122521 MOD CL-D-2114 06/04/2024   10/25/2022 Book   Donated by Major Zahid DCE, SEECS-NUST
© 2023 Central Library, National University of Sciences and Technology. All Rights Reserved.